Cliquez sur la bonne traduction en allemand - Les animaux - Statistiques

Statistiques générales
  • Ce quiz a été pris 450 fois
  • Le résultat moyen est 14 sur 29
Statistiques - réponses
Hint Réponse % Correct
Poisson Fisch
92%
Chat Katze
87%
Loup Wolf
85%
Pingouin Pinguin
84%
Chien Hund
70%
Perroquet Papagei
64%
Oiseau Vogel
63%
Lion Löwe
61%
Escargot Schnecke
58%
Ours Bär
57%
Papillon Schmetterling
57%
Vache Kuh
55%
Cochon Schwein
55%
Ecureuil Eichhörnchen
51%
Mouche Fliege
51%
Araignée Spinne
47%
Grenouille Frosch
45%
Mouton Schaf
42%
Renard Fuchs
40%
Lapin Kaninchen
39%
Singe Affe
38%
Poule Henne
35%
Pieuvre Krake
30%
Rhinocéros Nashorn
30%
Fourmi Ameise
23%
Crevette Garnele
22%
Chèvre Ziege
22%
Pigeon Taube
20%
Dinde Truthahn
20%
Aucun quiz correspondant
Distribution des résultats
% des personnes avec chaque résultat
Percentile par nombre de réponses
Votre historique - résultats
Vous n’avez pas pris ce quiz